Lord of the Rings Cast - Statistics

General Stats
  • This quiz has been taken 566 times
  • The average score is 9 of 15
Answer Stats
Hint Answer % Correct
Frodo Baggins Elijah Wood
93%
Legolas Greenleaf Orlando Bloom
92%
Boromir Sean Bean
87%
Aragorn Viggo Mortensen
81%
Gollum (voice) Andy Serkis
78%
Gandalf the Grey Ian McKellen
78%
Saruman Christopher Lee
76%
Galadriel Cate Blanchett
73%
Sam Gamgee Sean Astin
73%
Pippin Took Billy Boyd
59%
Bilbo Baggins Ian Holm
57%
Sauron Sala Baker
10%
Celeborn Marton Csokas
8%
Everard Proudfoot Noel Appleby
4%
Elendil Peter McKenzie
4%
No matching quizzes found
Score Distribution
Percent of People with Each Score
Percentile by Number Answered
Your Score History
You have not taken this quiz